000 00483nam a22001817a 4500
003 NUST
005 20210803114920.0
008 210803b ||||| |||| 00| 0 eng d
020 _a978981320997
038 _aMuzammail
082 _a518.0285
100 _aLambers, James V
_981143
245 _aExplorations Numerical Analysis\
_cJames V Lambers & Amber C Sumner
260 _aLondon
_bWorld Scientific
_c2019
300 _axv,658p.:
563 _aPaper back
942 _2ddc
_cBK
999 _c586048
_d586048